Loading...
| Science - Chemistry | 0 | 5 | 0 | 2 | 50 | 11 | 66.00 | 1 | 2 |
| Science - Other Science | 0 | 4 | 1 | 1 | 35 | 30 | 50.00 | 1 | 3 |
| Science - Physics | 0 | 3 | 0 | 0 | 30 | 29 | 54.67 | 1 | 2 |
| Social Science | 0 | 3 | 0 | 0 | 30 | 35 | 57.33 | 2 | 3 |
| Science - Biology | 0 | 3 | 1 | 1 | 25 | 66 | 79.33 | 0 | 1 |
| Geography | 0 | 2 | 0 | 1 | 20 | 74 | 96.50 | 1 | 2 |
| History - Other History | 0 | 2 | 0 | 1 | 20 | 70 | 92.00 | 0 | 1 |
| Philosophy | 0 | 2 | 0 | 0 | 20 | 67 | 67.50 | 0 | 2 |
| Mythology | 0 | 1 | 0 | 0 | 10 | 73 | 73.00 | 1 | 1 |
| Fine Arts - Classical Music | 0 | 1 | 0 | 0 | 10 | 77 | 77.00 | 1 | 1 |
| Fine Arts - Other Fine Arts | 0 | 1 | 0 | 1 | 10 | 115 | 115.00 | 0 | 0 |
| History - American History | 0 | 1 | 0 | 0 | 10 | 67 | 67.00 | 0 | 0 |
| History - European History | 0 | 1 | 0 | 0 | 10 | 60 | 60.00 | 1 | 1 |
| Current Events | 0 | 1 | 0 | 0 | 10 | 31 | 31.00 | 0 | 1 |
| Pop Culture | 0 | 1 | 0 | 1 | 10 | 114 | 114.00 | 0 | 0 |
| Religion | 0 | 1 | 0 | 0 | 10 | 23 | 23.00 | 1 | 1 |
| History - World History | 0 | 1 | 1 | 0 | 5 | 61 | 61.00 | 0 | 1 |